00498nam a2200169Ia 450000500170000000800410001704000190005804100120007708200110008910000190010024500500011926000670016930000120023650400470024865000230029585000100031820231010122639.0131103s9999 xx 000 0 und d aLoreto College aEnglish aFbRUS aRushdie,Salman aHaroun and the sea of storiescSalman Rushdie aNew DelhibPenguin Book in association with Granta Booksc1990 a218 p.  a1st published 1933 by Macmillan & Co. Ltd. aFiction in English aLCLIB